El capital en la era del Antropoceno /

Ensayo que reinterpreta la obra de Karl Marx desde una perspectiva ecológica. El autor analiza cómo el capitalismo, basado en la acumulación ilimitada y el crecimiento constante, ha desencadenado la crisis climática que caracteriza nuestra era; con un enfoque crítico y apoyado en estudios contemporá...

Olles dieđut

Furkejuvvon:
Bibliográfalaš dieđut
Váldodahkki: Saito, Kohei (autor)
Materiálatiipa: Girji
Giella:espánnjágiella
Almmustuhtton: Barcelona, España : Ediciones B, 2022, c2022
Ráidu:(Sine Qua Non)
Fáttát:
Fáddágilkorat: Lasit fáddágilkoriid
Eai fáddágilkorat, Lasit vuosttaš fáddágilkora!

MARC

LEADER 00000nam^a2200000^a^4500
001 000627881
005 20260211000000.0
009 20260310134102.346
020 |a 978-84-666-7166-8 
037 |a Acervo ITESO - Biblioteca 
041 |a ESP 
082 |a 333. 7  |b SAI 
100 |a Saito, Kohei  |e (autor) 
245 1 3 |a El capital en la era del Antropoceno /  |c K. Saito ; tr. por Víctor Illera Kanaya. 
246 2 |a Título en la cubierta: El capital en la era del Antropoceno: una llamada a liberar la imaginación para cambiar el sistema y frenar el cambio climático / 
264 4 |a Barcelona, España :  |b Ediciones B,  |c 2022, c2022 
300 |a 334 p. 
336 |a texto  |b txt  |2 rdacontenido 
337 |a sin mediación  |b n  |2 rdamedio 
338 |a volumen  |b nc  |2 rdasoporte 
440 1 |a (Sine Qua Non) 
500 |a Traducción de: Hitoshinsei no Shihonron 
520 |a Ensayo que reinterpreta la obra de Karl Marx desde una perspectiva ecológica. El autor analiza cómo el capitalismo, basado en la acumulación ilimitada y el crecimiento constante, ha desencadenado la crisis climática que caracteriza nuestra era; con un enfoque crítico y apoyado en estudios contemporáneos, propone el “comunismo del decrecimiento” como alternativa para frenar la destrucción ambiental y replantear la relación entre economía y naturaleza. 
521 |a FIL 2025 DIA 
649 |a XX 
650 |a Hombre -  |x Influencia del Medio Natural 
650 |a Impacto Ambiental 
650 |a Deterioro Ambiental 
650 |a Conservación y Protección Ambiental 
650 |a Desarrollo Sustentable -  |x Tema Principal 
650 |a Comunismo -  |x Historia y Crítica 
650 |a Marxismo -  |x Historia y Crítica -  |x Tema Principal 
650 |a Crecimiento Negativo (Economía) 
650 |a Desarrollo Económico-Social 
650 |a Economía de la Tierra 
650 |a Economía 
910 |a Fondo General 
920 |a Impresos - Libros 
930 |a Colección General 
905 |a 101 
901 |a 627881-10  |b IT1  |c ACC  |d EN  |i C192243  |u 20260211 
902 |a https://opac.biblio.iteso.mx/vufind/Record/000627881